<?xml version="1.0" encoding="UTF-8"?><?xml-stylesheet type="text/xsl" href="static/style.xsl"?><OAI-PMH xmlns="http://www.openarchives.org/OAI/2.0/" xmlns:xsi="http://www.w3.org/2001/XMLSchema-instance" xsi:schemaLocation="http://www.openarchives.org/OAI/2.0/ http://www.openarchives.org/OAI/2.0/OAI-PMH.xsd"><responseDate>2026-06-07T04:18:32Z</responseDate><request verb="GetRecord" identifier="oai:docta.ucm.es:20.500.14352/119685" metadataPrefix="marc">https://docta.ucm.es/rest/oai/request</request><GetRecord><record><header><identifier>oai:docta.ucm.es:20.500.14352/119685</identifier><datestamp>2025-09-18T17:04:32Z</datestamp><setSpec>com_20.500.14352_14</setSpec><setSpec>col_20.500.14352_15</setSpec></header><metadata><record xmlns="http://www.loc.gov/MARC21/slim" xmlns:dcterms="http://purl.org/dc/terms/" xmlns:xsi="http://www.w3.org/2001/XMLSchema-instance" xmlns:doc="http://www.lyncode.com/xoai" xsi:schemaLocation="http://www.loc.gov/MARC21/slim http://www.loc.gov/standards/marcxml/schema/MARC21slim.xsd">
   <leader>00925njm 22002777a 4500</leader>
   <datafield ind2=" " ind1=" " tag="042">
      <subfield code="a">dc</subfield>
   </datafield>
   <datafield ind2=" " ind1=" " tag="720">
      <subfield code="a">Ezquerra Fernández, Marta</subfield>
      <subfield code="e">author</subfield>
   </datafield>
   <datafield ind2=" " ind1=" " tag="720">
      <subfield code="a">Bonales Daimiel, Gema</subfield>
      <subfield code="e">author</subfield>
   </datafield>
   <datafield ind2=" " ind1=" " tag="260">
      <subfield code="c">2024</subfield>
   </datafield>
   <datafield ind2=" " ind1=" " tag="520">
      <subfield code="a">This  study  examines  how  Generation  Z  women  construct  their  digital  identities   on   TikTok,   focusing   on   self-expression,   community   and   algorithmic    influence.    Through    focus    groups    and    semi-structured interviews with women aged 18-20, the findings reveal that participants prioritize   authenticity   but   face   pressure   to   conform   to   trends   and   idealized aesthetics reinforced by the platform’s algorithm. While TikTok provides a space for creativity and community belonging, the personalized content  reinforces  specific  identities,  impacting  self- perception.  A  strong  sense  of  belonging  to  online  communities  plays  a  significant  role  in  shaping  their  self-presentation.  The  study  contributes  to  understanding  how   societal   expectations   and   technology-driven   dynamics   influence   digital identity.</subfield>
   </datafield>
   <datafield ind2=" " ind1=" " tag="520">
      <subfield code="a">Este estudio examina cómo las mujeres de la Generación Z construyen su identidad digital en TikTok, enfocándose en la autoexpresión, la comunidad y la influencia algorítmica. A través de grupos de discusión y entrevistas semi-estructuradas con mujeres de 18 a 20 años, los resultados muestran que las participantes priorizan la autenticidad, pero encuentran presiones para ajustarse a tendencias y estéticas idealizadas reforzadas por el algoritmo. Aunque TikTok ofrece un espacio para la creatividad y la pertenencia a la comunidad, el contenido personalizado refuerza identidades específicas, impactando la autopercepción. Este estudio contribuye a entender cómo las expectativas sociales y las dinámicas tecnológicas influyen en la identidad digital.</subfield>
   </datafield>
   <datafield ind1="8" ind2=" " tag="024">
      <subfield code="a">Ezquerra Fernández, M., &amp; Bonales Daimiel, G. (2024). Explorando la Identidad Digital: Factores que influyen en la autopresentación de las mujeres de la Generación Z en TikTok. SOCIAL REVIEW. International Social Sciences Review Revista Internacional De Ciencias Sociales, 12(2), 71–83. https://doi.org/10.62701/revsocial.v12.5420</subfield>
   </datafield>
   <datafield ind1="8" ind2=" " tag="024">
      <subfield code="a">2695-9755</subfield>
   </datafield>
   <datafield ind1="8" ind2=" " tag="024">
      <subfield code="a">10.62701/revsocial.v12.5420</subfield>
   </datafield>
   <datafield ind1="8" ind2=" " tag="024">
      <subfield code="a">https://hdl.handle.net/20.500.14352/119685</subfield>
   </datafield>
   <datafield ind1="8" ind2=" " tag="024">
      <subfield code="a">https://doi.org/10.62701/revsocial.v12.5420</subfield>
   </datafield>
   <datafield ind1="8" ind2=" " tag="024">
      <subfield code="a">https://edulab.es/revSOCIAL/article/view/5420</subfield>
   </datafield>
   <datafield ind2="0" ind1="0" tag="245">
      <subfield code="a">Exploring Digital Identity. Factor Shaping Generation Z's Women Self-presentation on TikTok</subfield>
   </datafield>
   <datafield ind2="0" ind1="0" tag="245">
      <subfield code="a">Explorando la Identidad Digital. Factores que influyen en la autopresentación de las mujeres de la Generación Z en TikTok</subfield>
   </datafield>
</record></metadata></record></GetRecord></OAI-PMH>